| 000 | 00653nam a2200157Ia 4500 | ||
|---|---|---|---|
| 008 | 150223s9999 xx 000 0 und d | ||
| 020 | _a9.7808133445e+012 | ||
| 050 |
_aJZ 1480 _b.P45 2009 |
||
| 100 | _aPeleg, Ilan. | ||
| 245 | 4 |
_aThe legacy of George W. Bush's foreign policy : _bmoving beyond neoconcervatism / _cIlan Peleg |
|
| 260 |
_aPhiladelphia: _bWestview Press, _c2009 |
||
| 300 |
_a202 pages : _bIllustration; _c23 cm. |
||
| 504 | _aIncludes bibliographical references and Index. | ||
| 650 |
_aLhe legacy _xThe challenges to america and the world. |
||
| 650 | _aThe neoconserative revolution: the ideological infrastracture of the bush doctrine. | ||
| 999 |
_c283270 _d283270 |
||